Central Library OPAC University of Rajshahi

مغرب کے تنقیدی اصول / Mag̲h̲rib ke tanqīdī ūṣūl / (Record no. 86279)

MARC details
000 -LEADER
fixed length control field 00706nam a22002057a 4500
001 - CONTROL NUMBER
control field 86279
003 - CONTROL NUMBER IDENTIFIER
rucl marc code BD-RjUL
005 - DATE AND TIME OF LATEST TRANSACTION
control field 20260331162010.0
008 - FIXED-LENGTH DATA ELEMENTS--GENERAL INFORMATION
fixed length control field 260331s1966 pk ||||| |||| 00| 0 urd d
035 ## - SYSTEM CONTROL NUMBER
System control number (BD-RjUL)86279
040 ## - CATALOGING SOURCE
Original cataloging agency BD-RjUL
Language of cataloging eng
Transcribing agency BD-RjUL
041 ## - LANGUAGE CODE
Language code of text/sound track or separate title urd
082 ## - DEWEY DECIMAL CLASSIFICATION NUMBER
Edition number 23
Classification number 801.95
Author mark and year RIM 1966
100 ## - MAIN ENTRY--PERSONAL NAME
Personal name رضوى، سجاد باقر،, , Riẓvī., Sajjād Bāqir
Dates associated with a name 1928-1992
9 (RLIN) 17932
245 10 - TITLE STATEMENT
Title مغرب کے تنقیدی اصول / Mag̲h̲rib ke tanqīdī ūṣūl /
Statement of responsibility, etc. سجاد باقر رضوى. / Sajjād Bāqar Riẓvī.,
260 ## - PUBLICATION, DISTRIBUTION, ETC. (IMPRINT)
Place of publication, distribution, etc. Lahore :
Name of publisher, distributor, etc. Kitabiat,
Date of publication, distribution, etc. 1966
300 ## - PHYSICAL DESCRIPTION
Pagination 335 p. ;
Size 22 cm
650 ## - SUBJECT ADDED ENTRY--TOPICAL TERM
Topical term or geographic name as entry element Literary criticism
Form subdivision Western criticism /
9 (RLIN) 17933
942 ## - ADDED ENTRY ELEMENTS (KOHA)
Source of classification or shelving scheme Dewey Decimal Classification
Koha item type Books
Holdings
Lost status Source of classification or shelving scheme Damaged status Not for loan Collection code Permanent Location Current Location Shelving location Date acquired Source of acquisition Cost, normal purchase price Total Checkouts Full call number Date last seen Copy number Koha item type
  Dewey Decimal Classification   Not For Loan Non-fiction Central Library, University of Rajshahi Central Library, University of Rajshahi Reading Room 13/05/1967 Sh. Mubarak ali 12.00   U 801.95 RIM 1966 31/03/2026 C-1 Books